Catálogo

Vista normal Vista MARC

Entrada Personal Name

Número de registros utilizados en: 1

001 - CONTROL NUMBER

  • control field: 14989

003 - CONTROL NUMBER IDENTIFIER

  • control field: DLC

005 - DATE AND TIME OF LATEST TRANSACTION

  • control field: 20231013113812.0

008 - FIXED-LENGTH DATA ELEMENTS

  • fixed length control field: 221025n| azannaabn |n aaa

010 ## - LIBRARY OF CONGRESS CONTROL NUMBER

  • LC control number: n 2022057544

040 ## - CATALOGING SOURCE

  • Original cataloging agency: DLC
  • Language of cataloging: spa
  • Description conventions: rda
  • Transcribing agency: Mx-PuUPA
  • Modifying agency: Mx-PuUPA

100 1# - HEADING--PERSONAL NAME

  • Personal name: Motahhir, Saad,

374 ## - OCCUPATION

  • Occupation: Editor

375 ## - GENDER

  • Gender: hombre

377 ## - ASSOCIATED LANGUAGE

  • Language code: eng

670 ## - SOURCE DATA FOUND

  • Source citation: Smart embedded systems and applications, 2023:
  • Information found: ECIP title page (Saad Motahhir, editor, École Nationale des Sciences Appliquées, Sidi Mohamed Ben Abdellah University, Morocco) ECIP info (Saad Motahhir, (Eng., Ph.D., IEEE Senior Member) has previous expertise acting in the industry as Embedded System Engineer at Zodiac Aerospace morocco from 2014 to 2019, and more recently became a professor at ENSA, SMBA University, Fez, Morocco since 2019. He received an engineer degree in the embedded systems from ENSA Fez in 2014. He received his Ph.D. Degree in Electrical Engineering from SMBA University in 2018. He has published a good number of papers in journals and conferences in the last few years, most of which are related to photovoltaic (PV) solar energy and Embedded Systems. He published a number of patents in the Morocco patent offce. He edited different books and acted as a guest editor of different special issues and topical collections. He is a reviewer and on the editorial board of different journals. He was associated with more than 30 international conferences as a Program Committee/ Advisory Board/Review Board member)